000
00323nam a2200121 a 4500
005
20140414093837.0
008
030610s19uu xx 00 eng d
050
_a
CD 523.1
_b
Spa 1996
245
_a
Isaac Asimov's library of the universe :
_b
space exploration.
650
_a
Outer space.
942
_c
AVM
999
_c
109070
_d
109070